Flags With The Most Of One Colour - Statistics

General Stats
  • This quiz has been taken 29 times
  • The average score is 5 of 9
Answer Stats
% Colour Country % Correct
98.3 Red Morocco
93%
97.6 Red China
78%
93.2 Red Vietnam
70%
91.6 Green Saudi Arabia
48%
90.4 Red Tunisia
48%
93.8 Red Turkey
48%
90.5 Blue Kazakhstan
41%
97.7 Blue F.S. Micronesia
37%
92.0 Red Kyrgyzstan
33%
No matching quizzes found
Score Distribution
Percent of People with Each Score
Percentile by Number Answered
Your Score History
You have not taken this quiz